00530nam a2200133Ia 4500008004100000100002200041245008400063260003900147440005500186650002200241856004100263999001900304952007300323171212s9999 xx 000 0 und d aGoetze, Catherine cGoetze, CatherineaThe Distinction of PeacebA Social Analysis of Peacebuilding bUniversity of Michigan Pressc2017 aConfigurations: Critical Studies Of World Politics aPolitical Science uhttp://jstor.org/stable/j.ctt1qv5nd6 c353007d353007 001040aCLbCLd2017-12-12l0r2017-12-12 00:00:00w2017-12-12yCBE